| 000 | 00793nam a22001577a 4500 | ||
|---|---|---|---|
| 003 | OSt | ||
| 005 | 20151007103355.0 | ||
| 008 | 151007b xxu||||| |||| 00| 0 eng d | ||
| 040 | _cRUA | ||
| 082 | _aAVM LOR 2006 B077 Or.1 | ||
| 100 |
_92252 _aLORS SEANGMENG |
||
| 245 | _aFecal digestibility of dried cassava lea ves meal replaced dried fish in local ducks rua, (លទ្ធភាពរំលាយអាហាររបស់ទា ក្នុងស្រុកដោយប្រើប្រាស់ត្រួួយស្លឹកដំឡូងមីក្រៀមជំនួសត្រីហាល នៅសាកលវិទ្យាល័យភូមិន្ទកសិកម្ម) | ||
| 260 |
_aphnom penh _brua _c2006 |
||
| 300 |
_axii, 47p. _bill. _c29cm. |
||
| 942 |
_2ddc _cAVM |
||
| 999 |
_c2122 _d2122 |
||